[Event "Muret op Seniors"]
[Site "Muret"]
[Date "2016.06.25"]
[Round "6"]
[White "Heude, Jean Noel"]
[Black "Hocher, Eugene"]
[Result "0-1"]
[WhiteElo "1322"]
[BlackElo "1577"]
[PlyCount "86"]
[EventDate "2016.06.20"]
[EventType "swiss"]
[EventRounds "7"]
[EventCountry "FRA"]
[SourceTitle "EXT 2017"]
[Source "ChessBase"]
[SourceDate "2016.10.25"]
[SourceVersion "1"]
[SourceVersionDate "2016.10.25"]
[SourceQuality "1"]

1. d4 d5 2. c4 e6 3. Nc3 Nf6 4. Bg5 c6 5. h3 Be7 6. Nf3 Qb6 7. Rb1 Nbd7 8. e3 Bb4 9. Nd2 Qa5 10. Qc2 dxc4 11. Bxf6 Nxf6 12. Nxc4 Qd8 13. Bd3 0-0 14. Rd1 g6 15. a3 Be7 16. Ne2 Nd7 17. h4 Bxh4 18. g3 Bf6 19. Kd2 e5 20. dxe5 Nxe5 21. Nxe5 Qa5+ 22. Kc1 Qxe5 23. Rh2 Bf5 24. e4 Bg4 25. f4 Qc7 26. e5 Bg7 27. Rdh1 Bf3 28. Re1 Rad8 29. Ng1 Bg4 30. Rh4 Qd7 31. Be2 Bf5 32. Qc3 b5 33. Rd1 Qc8 34. Nf3 Rxd1+ 35. Bxd1 Rd8 36. Nd4 Be4 37. Bf3 Bxf3 38. Nxf3 c5 39. Ng5 h6 40. Ne4 Qc6 41. Nf6+ Bxf6 42. exf6 Rd4 43. b4 Rc4 0-1

[Event "Muret op Seniors"]
[Site "Muret"]
[Date "2016.06.24"]
[Round "5"]
[White "Heude, Jean Noel"]
[Black "Poirier, Michel"]
[Result "0-1"]
[WhiteElo "1322"]
[BlackElo "1532"]
[PlyCount "53"]
[EventDate "2016.06.20"]
[EventType "swiss"]
[EventRounds "7"]
[EventCountry "FRA"]
[SourceTitle "EXT 2017"]
[Source "ChessBase"]
[SourceDate "2016.10.25"]
[SourceVersion "1"]
[SourceVersionDate "2016.10.25"]
[SourceQuality "1"]

1. d4 d5 2. c4 e6 3. Bf4 Nf6 4. Nc3 Be7 5. Nf3 0-0 6. e3 Nh5 7. Bg3 Nxg3 8. hxg3 c6 9. Qc2 g6 10. Ne5 Nd7 11. Ng4 f5 12. Nh2 Nf6 13. 0-0-0 a6 14. f3 Bd6 15. f4 Bd7 16. c5 Be7 17. Be2 b6 18. b4 bxc5 19. dxc5 a5 20. a3 axb4 21. axb4 Ra7 22. Kd2 Qa8 23. Qb2 Ne4+ 24. Kd3 Nxc3 25. Ra1 Na4 26. Qa3 Nxc5+ 27. bxc5 0-1

[Event "Muret op Seniors"]
[Site "Muret"]
[Date "2016.06.23"]
[Round "4"]
[White "Koenig, Joel"]
[Black "Heude, Jean Noel"]
[Result "1-0"]
[WhiteElo "1857"]
[BlackElo "1322"]
[PlyCount "69"]
[EventDate "2016.06.20"]
[EventType "swiss"]
[EventRounds "7"]
[EventCountry "FRA"]
[SourceTitle "EXT 2017"]
[Source "ChessBase"]
[SourceDate "2016.10.25"]
[SourceVersion "1"]
[SourceVersionDate "2016.10.25"]
[SourceQuality "1"]

1. Nc3 d5 2. e4 d4 3. Nce2 e5 4. Ng3 Be6 5. Nf3 f6 6. Be2 Nc6 7. 0-0 Bc5 8. d3 Nge7 9. Bd2 Qd7 10. a3 0-0-0 11. b4 Bb6 12. a4 a6 13. b5 Nb8 14. Qb1 c6 15. bxa6 Qc7 16. axb7+ Qxb7 17. Qb2 Rd7 18. Rfb1 Ba7 19. Qa3 Qc7 20. a5 Na6 21. Rb2 Bc5 22. Qa4 Qa7 23. Rab1 Rc7 24. Nh4 Kd7 25. Nhf5 g6 26. Nh6 Nc8 27. Ng4 Ke7 28. f4 Bxg4 29. Bxg4 Nd6 30. fxe5 fxe5 31. Bg5+ Kf7 32. Qb3+ Kg7 33. Qe6 Rf7 34. Qxe5+ Kf8 35. Qxh8# 1-0

[Event "Muret op Seniors"]
[Site "Muret"]
[Date "2016.06.22"]
[Round "3"]
[White "Parpinel, Mario"]
[Black "Heude, Jean Noel"]
[Result "0-1"]
[WhiteElo "1591"]
[BlackElo "1322"]
[PlyCount "78"]
[EventDate "2016.06.20"]
[EventType "swiss"]
[EventRounds "7"]
[EventCountry "FRA"]
[SourceTitle "EXT 2017"]
[Source "ChessBase"]
[SourceDate "2016.10.25"]
[SourceVersion "1"]
[SourceVersionDate "2016.10.25"]
[SourceQuality "1"]

1. e4 e6 2. d4 d5 3. e5 c5 4. c3 Nc6 5. Nf3 Qb6 6. Bd3 Bd7 7. Bc2 Nh6 8. 0-0 Nf5 9. dxc5 Bxc5 10. b4 Be7 11. Bxf5 exf5 12. Be3 Qc7 13. Re1 Be6 14. Bg5 0-0 15. Bf4 a6 16. Nbd2 Rac8 17. Nb3 Na7 18. Bd2 Nb5 19. Rc1 b6 20. Nbd4 Na3 21. Nxe6 fxe6 22. Nd4 Qd7 23. Qb3 Nc4 24. Rc2 Rc7 25. Re2 Rfc8 26. Be1 Bg5 27. Nf3 Bh6 28. Nd4 Bf4 29. Nf3 Qf7 30. g3 Qh5 31. Nd4 Qg6 32. Nf3 Bh6 33. Kh1 b5 34. Nd4 f4 35. f3 fxg3 36. hxg3 Be3 37. Rxe3 Nxe3 38. Re2 Nf5 39. Nxf5 Qxf5 0-1

[Event "Muret Seniors op 14th"]
[Site "Muret"]
[Date "2015.06.26"]
[Round "5"]
[White "Heude, Jean Noel"]
[Black "Lamory, Jacques"]
[Result "1-0"]
[WhiteElo "1370"]
[BlackElo "1170"]
[PlyCount "67"]
[EventDate "2015.06.22"]
[EventType "swiss"]
[EventRounds "7"]
[EventCountry "FRA"]
[SourceTitle "EXT 2016"]
[Source "ChessBase"]
[SourceDate "2015.10.08"]
[SourceVersion "1"]
[SourceVersionDate "2015.10.08"]
[SourceQuality "1"]

1. d4 Nf6 2. c4 c6 3. Nc3 g6 4. Nf3 d6 5. g3 Nbd7 6. Bg2 Bg7 7. 0-0 0-0 8. Re1 Re8 9. e4 e5 10. Bg5 h6 11. Bxf6 Bxf6 12. d5 Nb6 13. b3 cxd5 14. cxd5 Bd7 15. Qd2 a6 16. Qxh6 Bg7 17. Qe3 Rc8 18. Ng5 Bh6 19. f4 f6 20. Nf3 Re7 21. Rac1 Qf8 22. Nh4 exf4 23. gxf4 Qd8 24. Nxg6 Rg7 25. Nh4 Bg4 26. Kh1 Nd7 27. Ne2 Nf8 28. Bh3 Qd7 29. Nf5 Rg6 30. Bxg4 Rxg4 31. Nxh6+ Kg7 32. Nxg4 Qxg4 33. Rg1 Rxc1 34. Qxc1 1-0

[Event "Muret Seniors op 14th"]
[Site "Muret"]
[Date "2015.06.22"]
[Round "6"]
[White "Heude, Jean Noel"]
[Black "Schrader, Edmond"]
[Result "1/2-1/2"]
[WhiteElo "1370"]
[BlackElo "1673"]
[PlyCount "50"]
[EventDate "2015.06.22"]
[EventType "swiss"]
[EventRounds "7"]
[EventCountry "FRA"]
[SourceTitle "EXT 2016"]
[Source "ChessBase"]
[SourceDate "2015.10.08"]
[SourceVersion "1"]
[SourceVersionDate "2015.10.08"]
[SourceQuality "1"]

1. d4 Nf6 2. c4 g6 3. Nc3 d5 4. Nf3 Bg7 5. e3 0-0 6. cxd5 Nxd5 7. Bd2 c5 8. Bc4 Nb6 9. Qb3 cxd4 10. exd4 Bxd4 11. Bxf7+ Rxf7 12. 0-0 Bf6 13. Ng5 Bxg5 14. Bxg5 Kg7 15. Rad1 Qc7 16. Rfe1 Nc6 17. Nb5 Qb8 18. Qc3+ Kg8 19. Qc5 Rf5 20. Qe3 Re5 21. Qc3 Rxe1+ 22. Rxe1 Bf5 23. Bxe7 Nxe7 24. Rxe7 Qf8 25. Qb3+ Kh8 1/2-1/2

[Event "Muret Seniors op 14th"]
[Site "Muret"]
[Date "2015.06.22"]
[Round "3"]
[White "Heude, Jean Noel"]
[Black "Tholey, Jean Paul"]
[Result "0-1"]
[WhiteElo "1370"]
[BlackElo "1845"]
[PlyCount "36"]
[EventDate "2015.06.22"]
[EventType "swiss"]
[EventRounds "7"]
[EventCountry "FRA"]
[SourceTitle "EXT 2016"]
[Source "ChessBase"]
[SourceDate "2015.10.08"]
[SourceVersion "1"]
[SourceVersionDate "2015.10.08"]
[SourceQuality "1"]

1. d4 Nf6 2. c4 g6 3. Nc3 d5 4. Bf4 Bg7 5. e3 0-0 6. Nf3 c5 7. Bd3 Nc6 8. Be5 dxc4 9. Bxc4 Qa5 10. 0-0 cxd4 11. Bxd4 Bg4 12. Re1 e5 13. Bxe5 Nxe5 14. Bd5 Nxd5 15. Nxd5 Rfd8 16. Qb3 Qxd5 17. Nxe5 Qxb3 18. axb3 Bxe5 0-1

[Event "Muret Seniors op 14th"]
[Site "Muret"]
[Date "2015.06.22"]
[Round "4"]
[White "Hocher, Eugene"]
[Black "Heude, Jean Noel"]
[Result "1-0"]
[WhiteElo "1591"]
[BlackElo "1370"]
[PlyCount "69"]
[EventDate "2015.06.22"]
[EventType "swiss"]
[EventRounds "7"]
[EventCountry "FRA"]
[SourceTitle "EXT 2016"]
[Source "ChessBase"]
[SourceDate "2015.10.08"]
[SourceVersion "1"]
[SourceVersionDate "2015.10.08"]
[SourceQuality "1"]

1. d4 d5 2. c4 c6 3. Nc3 Nf6 4. e3 Bg4 5. Qb3 Bc8 6. Nf3 e6 7. cxd5 exd5 8. Bd3 Bd6 9. 0-0 0-0 10. Re1 Re8 11. h3 Qc7 12. Bd2 Nbd7 13. Rac1 Nb6 14. Nb5 Qe7 15. Nxd6 Qxd6 16. Bb4 Qe6 17. Qc2 Ne4 18. Ne5 Nd7 19. Nf3 Ndf6 20. Ba5 Bd7 21. Ne5 Rac8 22. Rf1 b6 23. Be1 c5 24. Nxd7 Nxd7 25. Ba6 Rc7 26. f3 Nd6 27. e4 b5 28. a4 Nc4 29. Bf2 Qxa6 30. exd5 Rcc8 31. axb5 Qxb5 32. Qxc4 Qxb2 33. dxc5 Rxc5 34. Bxc5 Re2 35. Bf2 1-0